Hoosier mosaics, 1875 : a facsimile reproduction /

Bibliographic Details
Main Author: Thompson, Maurice, 1844-1901
Format: Book
Language:English
Published: Gainesville, Fla. : Scholars' Facsimiles & Reprints, 1956.

MARC

Tag First Indicator Second Indicator Subfields
LEADER 00000cam a2200000 i 4500
001 in00000033896
005 20151007063340.0
008 791017r19561875fluh 000 1 eng
010 |a  56009144  
035 |a (OCoLC)05532049 
035 |9 AAD7185AM 
040 |a DLC  |c LNE  |d TXA  |d UtOrBLW 
049 |a TXAM  |c [273068] 
050 0 0 |a PZ3.T376  |b Ho2 
090 |a PS3037  |b H66 1956 
092 |a 813  |b T4739h, 1875r 
100 1 |a Thompson, Maurice,  |d 1844-1901. 
245 1 0 |a Hoosier mosaics, 1875 :  |b a facsimile reproduction /  |c by Maurice Thompson ; with an introduction by John T. Flanagan. 
264 1 |a Gainesville, Fla. :  |b Scholars' Facsimiles & Reprints,  |c 1956. 
300 |a xvii pages, 196 pages :  |b facsimiles ;  |c 19 cm. 
336 |a text  |b txt  |2 rdacontent 
337 |a unmediated  |b n  |2 rdamedia 
338 |a volume  |b nc  |2 rdacarrier 
999 |a MARS 
999 f f |s 9b496c29-40f6-3e86-b6ea-445d40eacb38  |i 3f60f0dc-1e71-3377-9df7-864bf6d45606  |t 0 
952 f f |p ric  |a Texas A&M University  |b Rellis Campus  |c Joint Library Facility  |d Remote Storage  |t 0  |e PS3037 H66 1956  |h Library of Congress classification  |i unmediated -- volume  |m A14801253001 
998 f f |a PS3037 H66 1956  |t 0  |l Remote Storage